Les 20 plus grandes villes de l'Ille-et-Vilaine sur une carte - Statistiques

Statistiques générales
  • Ce quiz a été pris 152 fois
  • Le résultat moyen est 14 sur 20
Réponses sur la Carte
Les réponses sont colorées sur une échelle allant du rouge au vert en fonction du pourcentage des utilisateurs qui les ont devinées à leur premier essai. Vous pouvez retrouver ces pourcentages ci-dessous.
 
Statistiques - réponses
Population Initiale Ville % Correct
227 830 R Rennes
100%
47 255 S Saint-Malo
99%
20 602 F Fougères
97%
10 407 D Dinard
91%
18 892 V Vitré
84%
19 667 B Bruz
81%
18 076 C Cesson-Sévigné
81%
9 336 R Redon
81%
13 593 S Saint-Jacques-de-la-Lande
68%
11 815 P Pacé
66%
9 992 S Saint-Grégoire
65%
9 823 (Le) R Le Rheu
59%
12 775 B Betton
58%
10 378 C Chantepie
56%
8 618 J Janzé
52%
8 987 L Liffré
48%
10 688 C Châteaugiron
45%
8 631 T Thorigné-Fouillard
45%
8 678 C Chartres-de-Bretagne
42%
9 203 G Guichen
39%
Aucun quiz correspondant
Distribution des résultats
% des personnes avec chaque résultat
Percentile par nombre de réponses
Votre historique - résultats
Vous n’avez pas pris ce quiz